000 00864nam0a22002651 4500
001 v19\rc\1997566
005 20251118181249.7
035 _a(NLR Aleph) 005073481
090 _a7120332
_c7120331
100 _a20080811d1915 u y0rusy50 ca
101 0 _arus
102 _aRU
105 _ay z |||c|
200 1 _aБаксайская волость Иргизского уезда
_eЕстеств.-ист. очерк
_fА.Н. Богданов
210 _aОренбург
_cПереселенч. орг. Тург.-Урал. р-на
_d1915
215 _a[2], 52 с.
_d25
700 1 _aБогданов
_bА.Н.
_gАлександр Николаевич
801 0 _aRU
_bNLR
_gpsbo
801 0 _aRU
_bRuMoRGB
_2psbo
801 1 _aRU
_bProSoft-M
_2rusmarc
852 _aNLR
_j122/664
899 _aRuMoRGB
_jU 254/81
899 _aБАН
942 _cBOOK
980 _aNB